Fehrist nuskha hai khatti Kashmir-o-Bhopal (Record no. 1464707)

MARC details
000 -LEADER
fixed length control field 00629nam a22002057a 4500
005 - DATE AND TIME OF LATEST TRANSACTION
control field 20251014103630.0
008 - FIXED-LENGTH DATA ELEMENTS--GENERAL INFORMATION
fixed length control field 251014b |||||||| |||| 00| 0 eng d
037 ## - SOURCE OF ACQUISITION
Terms of availability BB
040 ## - CATALOGING SOURCE
Original cataloging agency CRL
Transcribing agency CRL
041 ## - LANGUAGE CODE
Source of code PER
Language code of text/sound track or separate title PER
084 ## - COLON CLASSIFICATION NUMBER
Classification number O164a.45 M6
Item number CRL
245 ## - TITLE STATEMENT
Title Fehrist nuskha hai khatti Kashmir-o-Bhopal
260 ## - PUBLICATION, DISTRIBUTION, ETC.
Place of publication, distribution, etc. Delhi, India:
Name of publisher, distributor, etc. Markaz Tehkikat Zuban Farsi,
Date of publication, distribution, etc. 1986.
300 ## - PHYSICAL DESCRIPTION
Extent 240p.
365 ## - TRADE PRICE
Price amount 100.00
Currency code INR
650 ## - SUBJECT ADDED ENTRY--TOPICAL TERM
Topical term or geographic name entry element Persian Language
9 (RLIN) 848168
650 ## - SUBJECT ADDED ENTRY--TOPICAL TERM
Topical term or geographic name entry element Bibliography
9 (RLIN) 848169
942 ## - ADDED ENTRY ELEMENTS (KOHA)
Source of classification or shelving scheme Colon Classification (CC)
Koha item type Reference
Classification part O164a.45 M6
Suppress in OPAC No
Holdings
Withdrawn status Lost status Source of classification or shelving scheme Damaged status Not for loan Home library Current library Date acquired Source of acquisition Cost, normal purchase price Inventory number Total Checkouts Full call number Barcode Date last seen Price effective from Koha item type
    Colon Classification (CC)     Central Library Central Library 2025-10-14 Anwar Book Depot 100.00 5556 & 12.04.2004   O164a.45 M6 CL1179590 2025-10-14 2025-10-14 Reference
Copyright @ Delhi University Library System